| 000 | 01150nam a22001577a 4500 | ||
|---|---|---|---|
| 041 | _aukr | ||
| 080 | _a09 | ||
| 090 | _bКАЛ | ||
| 100 | _aКаленюк О. В. | ||
| 245 | _aАмериканський стиль абсурдизму (на прикладі творчості Едварда Олбі) | ||
| 260 |
_aОстрог _bКАФ _c2006 |
||
| 300 | _a53 | ||
| 520 |
_aВступ.
Розділ 1. Абсурдизм як літературний напрям середини ХХ століття.
1.1. Передумови виникнення та та розвиток стилю абсурдизму в Європі.
1.2. Особловості американського стилю абсурдизму.
Розділ 2. Едвард Олбі основоположник американського стилю абсурдизму.
2.1. "Історія в зоопарку" перший твір абсурдизму.
2.2. Структурний аналіз драми "Хто боїться "Вірджинії Вульф?".
Висновки. _0літературознавсто |
||
| 650 | _aResearch Papers | ||
| 999 |
_c283444 _d283444 |
||
| 942 | _cBK | ||